000 01267nam a2200277Ia 4500
999 _c53021
_d53021
001 20054
003 GE_BSU
005 20221205165019.0
008 181216s2009||||ge |||||||||||||| ||geo||
020 _a9789941409493
040 _cGE_BSU
041 _ageo
080 _a37.015.3 + 159.943 მ-19
100 _aმაკარაძე, ნანა
_910803
245 _aსტრესი და სწავლა უმცროს სასკოლო ასაკში
_cნანა მაკარაძე ; [რედ. ნათელა იმედაძე].
264 _aბათუმი :
_bშოთა რუსთაველის სახელმწ. უნ-ტი,
_c2009.
300 _a168 გვ. :
_bცხრ., ნახ. ;
_c20სმ.
501 _a დანართები: გვ. 144-159.
504 _aბიბლიოგრ.: გვ. 160-163.
520 _aპარალ. სათ. რუსულ და ინგლ.ენ.
541 _h9 ლ.
653 _aბავშვთა ფსიქოლოგია;
653 _aბავშვთა ქცევის ფსიქოლოგია;
653 _aპედაგოგიკური ფსიქოლოგია.
942 _cBK
_2udc